| 000 | 01422nam a22003257a 4500 | ||
|---|---|---|---|
| 003 | EG-ScBUE | ||
| 005 | 20211122131153.0 | ||
| 008 | 100725s1969 ua f b 000 0bara d | ||
| 017 | _a1969 / 5351 | ||
| 040 |
_aEG-ScBUE _bara _erda _cEG-ScBUE _dEG-ScBUE |
||
| 082 | 0 | 4 |
_a892.78509 _bح د ي _222 |
| 100 | 1 |
_917449 _aالحديدي، علي، _eمؤلف. |
|
| 245 | 1 | 0 |
_aمحمود سامي البارودي : _bشاعر النهضة / _cدكتور علي الحديدي، أستاذ الأدب العربي المساعد، جامعة عين شمس. |
| 250 | _aالطبعة الثانية. | ||
| 264 | 1 |
_aالقاهرة : _bمكتبة الأنجلو المصرية، _c1969. |
|
| 300 |
_a455 صفحة ؛ _c24 سم |
||
| 336 |
_2rdacontent _aنص _btxt |
||
| 337 |
_2rdamedia _aبدون وسيط _bn |
||
| 338 |
_2rdacarrier _aمجلد _bnc |
||
| 500 | _aيضم الكتاب 540 بيتا مما لم ينشر من شعر البارودى. | ||
| 504 | _aيشتمل على إرجاعات ببليوجرافية. | ||
| 541 |
_aألف باء ؛ _cشراء ؛ |
||
| 600 | 1 | 7 |
_aالبارودي، محمود سامي، _d1838-1904. _2BUEsh |
| 650 | 7 |
_916560 _aالشعراء العرب _zمصر _vتراجم. _2BUEsh |
|
| 650 | 7 |
_aالشعر العربي _zمصر _xدواوين وقصائد. _2BUEsh _934630 |
|
| 651 | _2BUEsh | ||
| 653 |
_bARALIT _cNovember2021 |
||
| 655 |
_vReading book _934232 |
||
| 942 |
_2ddc _cBB |
||
| 999 |
_c14546 _d14546 |
||